| Tag |
First Indicator |
Second Indicator |
Subfields |
| LEADER |
00000cam a22000001a 4500 |
| 001 |
in00004100741 |
| 005 |
20200117091409.0 |
| 006 |
m d f |
| 007 |
cr bn mmmapmmp |
| 008 |
091022s2009 dcua ob f000 0 eng d |
| 035 |
|
|
|a chdc201000331
|
| 040 |
|
|
|a UMI
|c UMI
|d UtOrBLW
|
| 042 |
|
|
|a pcc
|
| 043 |
|
|
|a n-us---
|a a-af---
|
| 074 |
|
|
|a 1017-A-07
|
| 086 |
0 |
|
|a Y 4.F 76/1:111-25
|
| 088 |
|
|
|a Serial no. 111-25 (United States. Congress. House. Committee on Foreign Affairs)
|
| 110 |
1 |
|
|a United States.
|b Congress.
|b House.
|b Committee on Foreign Affairs.
|b Subcommittee on the Middle East and South Asia.
|0 http://id.loc.gov/authorities/names/no2007048313
|
| 245 |
1 |
0 |
|a U.S. strategy for Afghanistan :
|b achieving peace and stability in the graveyard of empires : hearing before the Subcommittee on the Middle East and South Asia of the Committee on Foreign Affairs, House of Representatives, One Hundred Eleventh Congress, first session, April 2, 2009.
|
| 246 |
3 |
|
|a US strategy for Afghanistan
|
| 264 |
|
1 |
|a Washington :
|b U.S. G.P.O.,
|c 2009.
|
| 264 |
|
2 |
|a Washington :
|b For sale by the Supt. of Docs., U.S. G.P.O.
|
| 300 |
|
|
|a iii, 99 pages :
|b illustrations, digital, PDF file.
|
| 336 |
|
|
|a text
|b txt
|2 rdacontent
|
| 337 |
|
|
|a computer
|b c
|2 rdamedia
|
| 338 |
|
|
|a online resource
|b cr
|2 rdacarrier
|
| 500 |
|
|
|a Shipping list number: 2010-0009-P.
|
| 504 |
|
|
|a Includes bibliographical references.
|
| 500 |
|
|
|a "Serial number 111-25."
|
| 500 |
|
|
|a Record is based on bibliographic data in ProQuest Congressional Hearings Digital Collection. Reuse except for individual research requires license from ProQuest, LLC.
|
| 500 |
|
|
|a Electronic resource.
|
| 533 |
|
|
|a Electronic reproduction.
|b [Bethesda, Md.] :
|c ProQuest,
|d 2010.
|e digital, PDF file.
|n ProQuest U.S. Congressional Hearings Digital Collection.
|n Mode of access: World Wide Web via ProQuest website.
|
| 538 |
|
|
|a System requirements: PDF reader software.
|
| 650 |
|
0 |
|a Afghan War, 2001-
|0 http://id.loc.gov/authorities/subjects/sh2004004460
|
| 650 |
|
0 |
|a Military assistance, American
|z Afghanistan.
|0 http://id.loc.gov/authorities/subjects/sh2010101783
|
| 650 |
|
0 |
|a Deployment (Strategy)
|0 http://id.loc.gov/authorities/subjects/sh85037035
|
| 650 |
|
0 |
|a Political stability
|z Afghanistan.
|
| 650 |
|
0 |
|a National security
|z Afghanistan.
|0 http://id.loc.gov/authorities/subjects/sh2010103176
|
| 776 |
0 |
8 |
|i Print version:
|a United States. Congress. House. Committee on Foreign Affairs. Subcommittee on the Middle East and South Asia.
|t U.S. strategy for Afghanistan
|w 9780160842726
|w 0160842727
|w (OCoLC)458295516
|z 2009438741
|
| 776 |
0 |
8 |
|i Microfiche version:
|a United States. Congress. House. Committee on Foreign Affairs. Subcommittee on the Middle East and South Asia.
|t U.S. strategy for Afghanistan
|d [Bethesda, Md.] : ProQuest,[2010]
|o CIS 2010 H381-6
|w (ProQuest)cis01000785
|
| 856 |
4 |
0 |
|u http://proxy.library.tamu.edu/login?url=http://search.proquest.com/congcomp/getdoc?HEARING-ID=HRG-2009-FOA-0025
|y Electronic resource (PDF)
|t 0
|
| 998 |
|
|
|a cis01000785
|
| 999 |
f |
f |
|s eb7416dc-f05e-3c9a-91cc-57c4d70c3fc1
|i ba900f19-209d-3b90-89fb-8278696ccc31
|t 0
|
| 952 |
f |
f |
|a Texas A&M University
|b College Station
|c Electronic Resources
|d Available Online
|t 0
|e Y 4.F 76/1:111-25
|h Superintendent of Documents classification
|
| 998 |
f |
f |
|a Y 4.F 76/1:111-25
|t 0
|l Available Online
|